Obras completas / (Registro nro. 13610)

Detalles MARC
000 -LEADER
fixed length control field 01658cam a22003494a 4500
001 - CONTROL NUMBER
control field
003 - CONTROL NUMBER IDENTIFIER
control field DO-SdBNP
005 - DATE AND TIME OF LATEST TRANSACTION
control field 20210803102429.0
008 - FIXED-LENGTH DATA ELEMENTS--GENERAL INFORMATION
fixed length control field 000322s2001 pr a b s001 0 spa
010 ## - LIBRARY OF CONGRESS CONTROL NUMBER
LC control number
020 ## - INTERNATIONAL STANDARD BOOK NUMBER
International Standard Book Number 0847736105 (v. 5, t. 3)
040 ## - CATALOGING SOURCE
Original cataloging agency BPMSU
Language of cataloging spa
Transcribing agency BPMSU
082 ## - DEWEY DECIMAL CLASSIFICATION NUMBER
Classification number PR868
Item number H831p 2001
Edition number 22
100 1# - MAIN ENTRY--PERSONAL NAME
Personal name Hostos, Eugenio María de,
Dates associated with a name 1839-1903.
9 (RLIN) 5
245 10 - TITLE STATEMENT
Title Obras completas /
Statement of responsibility, etc. Eugenio María de Hostos ; compilación por Vivian Quiles-Calderín ; prólogo por Juan Mari Brás
250 ## - EDITION STATEMENT
Edition statement Ed. crítica
260 ## - PUBLICATION, DISTRIBUTION, ETC. (IMPRINT)
Place of publication, distribution, etc. San Juan, P.R. :
Name of publisher, distributor, etc. Instituto de Estudios Hostosianos ;
-- Universidad de Puerto Rico,
Date of publication, distribution, etc. 2001.
300 ## - PHYSICAL DESCRIPTION
Extent v. :
Other physical details ils. ;
Dimensions 24 cm.
490 0# - SERIES STATEMENT
Series statement América
500 0# - GENERAL NOTE
General note Incluye referencias bibliográficas y notas al pie de las páginas
500 0# - GENERAL NOTE
General note Incluye índice
504 ## - BIBLIOGRAPHY, ETC. NOTE
Bibliography, etc
505 0# - FORMATTED CONTENTS NOTE
Formatted contents note vol. 1. Literatura: pt. 1. La peregrinación de Bayoán; pt.2. Cuento. Teatro. Poesía. Ensayo; pt.3. Crítica; pt. 4 La tela de araña .-- vol. 2. Diario: pt. 1. 1866-1869. -- vol. 3. Epistolario: pt. 1. Epistolario (1865-1878)-- vol. 5. Puerto Rico Madre Isla : pt. 1. -- v.6. Educación: pt. 1. Ciencia de la pedagogía. -- vol. 8. Sociología: pt. 1. Tratado de sociología. -- vol. 9. Filosofía: pt. 1. Tratado de moral.
590 ## - LOCAL NOTE (RLIN)
Linkage (RLIN) Inventariado, 2021/VM
600 14 - SUBJECT ADDED ENTRY--PERSONAL NAME
Personal name Hostos, Eugenio María de,
Dates associated with a name 1839-1903.
General subdivision Crítica e interpretación
650 #4 - SUBJECT ADDED ENTRY--TOPICAL TERM
Topical term or geographic name as entry element Ensayos puertorriqueños
700 1# - ADDED ENTRY--PERSONAL NAME
Personal name Quiles Calderín, Vivian.
Relator term comp.
700 1# - ADDED ENTRY--PERSONAL NAME
Personal name Brás, Juan Mari
Relator term pról.
710 2# - ADDED ENTRY--CORPORATE NAME
Corporate name or jurisdiction name as entry element Instituto de Estudios Hostosianos (San Juan de Puerto Rico )
910 ## - USER-OPTION DATA (OCLC)
User-option data VMateo V
942 ## - ADDED ENTRY ELEMENTS (KOHA)
Source of classification or shelving scheme Dewey Decimal Classification
Koha item type Libros
Existencias
Withdrawn status Lost status Source of classification or shelving scheme Damaged status Not for loan Collection code Home library Current library Date acquired Source of acquisition Full call number Barcode Date last seen Copy number Price effective from Koha item type Total Checkouts
    Dewey Decimal Classification     Colección General Biblioteca Pública Metropolitana Salomé Ureña Biblioteca Pública Metropolitana Salomé Ureña 08/03/2021 Editorial de la Universidad de Puerto Rico BPMSU CG PR868 H831p 2001 BPMSU21080002 08/03/2021 v.5 08/03/2021 Libros  
    Dewey Decimal Classification     Colección General Biblioteca Pública Metropolitana Salomé Ureña Biblioteca Pública Metropolitana Salomé Ureña 08/03/2021 Editorial de la Universidad de Puerto Rico BPMSU CG PR868 H831p 2001 BPMSU21080003 08/03/2021 v.5, e.2 08/03/2021 Libros  
    Dewey Decimal Classification     Colección General Biblioteca Pública Metropolitana Salomé Ureña Biblioteca Pública Metropolitana Salomé Ureña 08/03/2021 Editorial de la Universidad de Puerto Rico BPMSU CG PR868 H831p 2001 BPMSU21080004 08/03/2021 v.5, e.3 08/03/2021 Libros